|
|
|
|
| LEADER |
00000nam a22000007a 4500 |
| 005 |
20130308101026.0 |
| 007 |
cr|||| |||| |
| 008 |
130308e2011 ck |||||s|||| 00||0 spa d |
| 020 |
|
|
|a 978-958-648-687-3
|
| 035 |
|
|
|a 7386
|
| 040 |
|
|
|a vLex
|
| 090 |
|
|
|c 3865
|d 3865
|
| 100 |
1 |
0 |
|a Peą Bermd︢ez, Jess︢ Mara̕
|
| 245 |
1 |
0 |
|a Revisora̕ fiscal
|b Una garanta̕ para la sociedad, la empresa y el estado
|c / Jess︢ Mara̕ Peą Bermd︢ez
|h [Recurso electrn̤ico]
|
| 250 |
|
|
|a 2a ed.
|
| 256 |
|
|
|a Servicio en ln̕ea
|
| 260 |
|
|
|a Bogot ̀:
|b ECOE,
|c 2011
|
| 300 |
|
|
|a 1 Recurso electrn̤ico
|
| 506 |
|
|
|d vLex Global
|d vLex Global (Academic Edition, excluding Law Schools)
|d vLex Global (U.S. Academic Edition, Law Schools)
|d vLex Global (U.S. Academic Edition, excluding Law Schools)
|d vLex Global (Academic Edition, Law Schools)
|
| 650 |
0 |
4 |
|a Derecho tributario
|z Colombia
|
| 740 |
|
|
|a vLex Libros (Servicio en ln̕ea)
|
| 856 |
|
|
|a Acceso restringido
|u http://www.vlex.com/source/7386
|
| 942 |
|
|
|c BOOK
|
| 999 |
|
0 |
|a Taxation
|